Fr. Conceicao Rodrigues College of Engineering

Differential equations & other applications (Record no. 35666)

MARC details
000 -LEADER
fixed length control field 00310nam a2200133Ia 4500
100 ## - MAIN ENTRY--PERSONAL NAME
Personal name Braun/ Martin
245 ## - TITLE STATEMENT
Title Differential equations & other applications
260 ## - PUBLICATION, DISTRIBUTION, ETC.
Name of publisher, distributor, etc. Narosa publishing house
Place of publication, distribution, etc. New Delhi
Date of publication, distribution, etc. 1995
300 ## - PHYSICAL DESCRIPTION
Extent 319
546 ## - LANGUAGE NOTE
Language note ENGLISH
654 ## - SUBJECT ADDED ENTRY--FACETED TOPICAL TERMS
Focus term equations
942 ## - ADDED ENTRY ELEMENTS (KOHA)
Koha item type BOOK
Holdings
Withdrawn status Lost status Damaged status Not for loan Collection Home library Current library Date acquired Source of acquisition Cost, normal purchase price Inventory number Total Checkouts Full call number Barcode Date last seen Cost, replacement price Price effective from Koha item type Shelving location
        CRC Fr. Agnel's C.Rodrigues College of Engineering Fr. Agnel's C.Rodrigues College of Engineering 17/03/2023 Progressive Books 50.00 2063 dt 30.9.92   3881 17/03/2023 50.00 30/09/1992 BOOK  
        CRC Fr. Agnel's C.Rodrigues College of Engineering Fr. Agnel's C.Rodrigues College of Engineering 17/03/2023   120.00     515.35 PAN 7681 17/03/2023 120.00 17/03/2023 BOOK